| 000 | 00822nam a2200205Ia 4500 | ||
|---|---|---|---|
| 003 | GCL | ||
| 008 | 140319s9999 xx 000 0 ara d | ||
| 040 |
_aGCL / _cGCL |
||
| 082 | 0 | 4 |
_a792.0233 _bح م |
| 100 | 1 | _aجرودجيتسكى، اوجست | |
| 245 | 1 | 0 |
_aالمخرجون البولنديون التجريبيون الكلاسيك / _cجرودجيتسكى، اوجست |
| 260 |
_aالقاهرة : _bوزارة الثقافة - مهرجان القاهرة الدولى للمسرح التجريبى ، _c2004 |
||
| 300 |
_a399 ص ؛ _c24 سم |
||
| 650 | 0 | 4 | _aالاخراج المسرحى |
| 650 | 0 | 4 | _aالتمثيل فى المسرح |
| 650 | 0 | 4 | _aالمسرحيات التجريبية |
| 650 | 0 | 4 | _aالمخرجون - العصر الحديث |
| 650 | 0 | 4 | _aالمخرجون - بولندا |
| 942 |
_2ddc _cBK |
||
| 999 |
_c7173 _d7173 |
||